| 000 | 00570nam a2200193Ia 4500 | ||
|---|---|---|---|
| 008 | 220501s2018 xx 000 0 eng d | ||
| 020 | _a9789352865581 | ||
| 082 | _a658.4013 KUB-C | ||
| 100 | _aKubiak, T. M. | ||
| 245 | 0 |
_aCertified six sigma black belt handbook _cT. M. Kubiak and Donald W. Benbow |
|
| 250 | _a3rd | ||
| 260 |
_aNoida _bPearson _c2018 |
||
| 300 | _axxxvii, 908p. | ||
| 650 | _aQuality control - Statistical methods | ||
| 650 | _aSix sigma - Quality control standard | ||
| 650 | _aStatistics | ||
| 700 | _aBenbow, Donald W. | ||
| 942 |
_2ddc _cREF |
||
| 999 |
_c18214 _d18214 |
||